<?xml version="1.0" encoding="UTF-8"?>
<record
    xmlns:xsi="http://www.w3.org/2001/XMLSchema-instance"
    xsi:schemaLocation="http://www.loc.gov/MARC21/slim http://www.loc.gov/standards/marcxml/schema/MARC21slim.xsd"
    xmlns="http://www.loc.gov/MARC21/slim">

  <leader>01675nam0a2200313   4500</leader>
  <controlfield tag="001">RU\NLR\bibl\930558</controlfield>
  <controlfield tag="005">20250614192500.0</controlfield>
  <datafield tag="035" ind1=" " ind2=" ">
    <subfield code="a">(NLR Aleph) 000918789</subfield>
  </datafield>
  <datafield tag="090" ind1=" " ind2=" ">
    <subfield code="a">86452</subfield>
    <subfield code="c">86452</subfield>
  </datafield>
  <datafield tag="100" ind1=" " ind2=" ">
    <subfield code="a">20060412e20001947|||y0rusy50      ca</subfield>
  </datafield>
  <datafield tag="101" ind1="0" ind2=" ">
    <subfield code="a">rus</subfield>
  </datafield>
  <datafield tag="102" ind1=" " ind2=" ">
    <subfield code="a">RU</subfield>
  </datafield>
  <datafield tag="105" ind1=" " ind2=" ">
    <subfield code="a">y   |||||||||</subfield>
  </datafield>
  <datafield tag="200" ind1="1" ind2=" ">
    <subfield code="a">&#x41E;&#x431; &#x43E;&#x434;&#x43D;&#x43E;&#x43C; &#x43F;&#x440;&#x438;&#x43C;&#x435;&#x440;&#x435; &#x438;&#x441;&#x43A;&#x430;&#x436;&#x435;&#x43D;&#x438;&#x44F; &#x438;&#x441;&#x442;&#x43E;&#x440;&#x438;&#x447;&#x435;&#x441;&#x43A;&#x43E;&#x439; &#x43F;&#x440;&#x430;&#x432;&#x434;&#x44B;</subfield>
    <subfield code="e">&#x43F;&#x43E; &#x43F;&#x43E;&#x432;&#x43E;&#x434;&#x443; &#x43A;&#x43D;&#x438;&#x433;&#x438; &#x41D;. &#x422;&#x43E;&#x43A;&#x430;&#x440;&#x441;&#x43A;&#x43E;&#x433;&#x43E; "&#x410;&#x440;&#x445;&#x438;&#x442;&#x435;&#x43A;&#x442;&#x443;&#x440;&#x430; &#x434;&#x440;&#x435;&#x432;&#x43D;&#x435;&#x439; &#x410;&#x440;&#x43C;&#x435;&#x43D;&#x438;&#x438;"</subfield>
    <subfield code="f">&#x430;&#x43A;&#x430;&#x434;. &#x421;. &#x414;&#x436;&#x430;&#x43D;&#x430;&#x448;&#x438;&#x430;</subfield>
  </datafield>
  <datafield tag="205" ind1=" " ind2=" ">
    <subfield code="a">[&#x420;&#x435;&#x43F;&#x440;. &#x438;&#x437;&#x434;.]</subfield>
  </datafield>
  <datafield tag="210" ind1=" " ind2=" ">
    <subfield code="a">&#x422;&#x431;&#x438;&#x43B;&#x438;&#x441;&#x438;</subfield>
    <subfield code="c">[&#x431;. &#x438;.]</subfield>
    <subfield code="d">2000</subfield>
  </datafield>
  <datafield tag="215" ind1=" " ind2=" ">
    <subfield code="a">52,[1] &#x441;.</subfield>
    <subfield code="d">19</subfield>
  </datafield>
  <datafield tag="300" ind1=" " ind2=" ">
    <subfield code="a">&#x41D;&#x430; &#x442;&#x438;&#x442;. &#x43B;.: &#x422;&#x431;&#x438;&#x43B;&#x438;&#x441;&#x438;, &#x417;&#x430;&#x440;&#x44F; &#x412;&#x43E;&#x441;&#x442;&#x43E;&#x43A;&#x430;, 1947</subfield>
  </datafield>
  <datafield tag="320" ind1=" " ind2=" ">
    <subfield code="a">&#x411;&#x438;&#x431;&#x43B;&#x438;&#x43E;&#x433;&#x440;. &#x432; &#x43F;&#x43E;&#x434;&#x441;&#x442;&#x440;&#x43E;&#x447;. &#x43F;&#x440;&#x438;&#x43C;&#x435;&#x447;.</subfield>
  </datafield>
  <datafield tag="455" ind1=" " ind2="0">
    <subfield code="1">2001#$a&#x41E;&#x431; &#x43E;&#x434;&#x43D;&#x43E;&#x43C; &#x43F;&#x440;&#x438;&#x43C;&#x435;&#x440;&#x435; &#x438;&#x441;&#x43A;&#x430;&#x436;&#x435;&#x43D;&#x438;&#x44F; &#x438;&#x441;&#x442;&#x43E;&#x440;&#x438;&#x447;&#x435;&#x441;&#x43A;&#x43E;&#x439; &#x43F;&#x440;&#x430;&#x432;&#x434;&#x44B;</subfield>
    <subfield code="1">210##$a&#x422;&#x431;&#x438;&#x43B;&#x438;&#x441;&#x438;$c&#x417;&#x430;&#x440;&#x44F; &#x412;&#x43E;&#x441;&#x442;&#x43E;&#x43A;&#x430;$d1947</subfield>
    <subfield code="t">&#x41E;&#x431; &#x43E;&#x434;&#x43D;&#x43E;&#x43C; &#x43F;&#x440;&#x438;&#x43C;&#x435;&#x440;&#x435; &#x438;&#x441;&#x43A;&#x430;&#x436;&#x435;&#x43D;&#x438;&#x44F; &#x438;&#x441;&#x442;&#x43E;&#x440;&#x438;&#x447;&#x435;&#x441;&#x43A;&#x43E;&#x439; &#x43F;&#x440;&#x430;&#x432;&#x434;&#x44B;</subfield>
  </datafield>
  <datafield tag="604" ind1=" " ind2=" ">
    <subfield code="1">700#1$a&#x422;&#x43E;&#x43A;&#x430;&#x440;&#x441;&#x43A;&#x438;&#x439;$b&#x41D;. &#x41C;.$f1892-1977$g&#x41D;&#x438;&#x43A;&#x43E;&#x43B;&#x430;&#x439; &#x41C;&#x438;&#x445;&#x430;&#x439;&#x43B;&#x43E;&#x432;&#x438;&#x447;$4070</subfield>
    <subfield code="1">50010$a&#x410;&#x440;&#x445;&#x438;&#x442;&#x435;&#x43A;&#x442;&#x443;&#x440;&#x430; &#x434;&#x440;&#x435;&#x432;&#x43D;&#x435;&#x439; &#x410;&#x440;&#x43C;&#x435;&#x43D;&#x438;&#x438;$2psbo</subfield>
    <subfield code="a">&#x422;&#x43E;&#x43A;&#x430;&#x440;&#x441;&#x43A;&#x438;&#x439;, &#x41D;&#x438;&#x43A;&#x43E;&#x43B;&#x430;&#x439; &#x41C;&#x438;&#x445;&#x430;&#x439;&#x43B;&#x43E;&#x432;&#x438;&#x447; (1892-1977)</subfield>
    <subfield code="t">&#x410;&#x440;&#x445;&#x438;&#x442;&#x435;&#x43A;&#x442;&#x443;&#x440;&#x430; &#x434;&#x440;&#x435;&#x432;&#x43D;&#x435;&#x439; &#x410;&#x440;&#x43C;&#x435;&#x43D;&#x438;&#x438;</subfield>
  </datafield>
  <datafield tag="606" ind1="1" ind2=" ">
    <subfield code="a">&#x410;&#x440;&#x445;&#x438;&#x442;&#x435;&#x43A;&#x442;&#x443;&#x440;&#x430; &#x430;&#x440;&#x43C;&#x44F;&#x43D;&#x441;&#x43A;&#x430;&#x44F;</subfield>
    <subfield code="x">&#x421;&#x440;&#x435;&#x434;&#x43D;&#x438;&#x435; &#x432;&#x435;&#x43A;&#x430;</subfield>
    <subfield code="9">981745</subfield>
    <subfield code="3">RU\NLR\auth\6651267</subfield>
  </datafield>
  <datafield tag="686" ind1=" " ind2=" ">
    <subfield code="a">&#x429;113(2&#x410;&#x440;)4</subfield>
  </datafield>
  <datafield tag="700" ind1=" " ind2="1">
    <subfield code="a">&#x414;&#x436;&#x430;&#x43D;&#x430;&#x448;&#x438;&#x430;</subfield>
    <subfield code="b">&#x421;. &#x41D;.</subfield>
    <subfield code="f">1900-1947</subfield>
    <subfield code="4">070</subfield>
  </datafield>
  <datafield tag="801" ind1=" " ind2="0">
    <subfield code="a">RU</subfield>
    <subfield code="b">NLR</subfield>
    <subfield code="c">20060412</subfield>
    <subfield code="g">rcr</subfield>
  </datafield>
  <datafield tag="801" ind1=" " ind2="1">
    <subfield code="a">RU</subfield>
    <subfield code="b">NLR</subfield>
    <subfield code="c">20060412</subfield>
  </datafield>
  <datafield tag="942" ind1=" " ind2=" ">
    <subfield code="c">BOOK</subfield>
  </datafield>
  <datafield tag="980" ind1=" " ind2=" ">
    <subfield code="a">NB</subfield>
  </datafield>
  <datafield tag="995" ind1=" " ind2=" ">
    <subfield code="5">2006-04-12</subfield>
    <subfield code="a">ab</subfield>
    <subfield code="b">NLR01</subfield>
    <subfield code="c">NLR01</subfield>
    <subfield code="e">RF3</subfield>
    <subfield code="f">1-3236027</subfield>
    <subfield code="k">2006-4/10167</subfield>
    <subfield code="o">0</subfield>
    <subfield code="r">BOOK</subfield>
    <subfield code="s">2006410167_</subfield>
  </datafield>
</record>
